[Event "AUTO-OPEN-4606"]
[Site "http://www.queenalice.com/game.php?id=1866932"]
[Date "2025.12.12"]
[Round "2"]
[White "josebaron"]
[Black "WoodpusherKid"]
[Result "0-1"]
[WhiteElo "2186"]
[BlackElo "2604"]

1. e4 e5 2. Nf3 Nc6 3. Bb5 Nf6 4. d3 Bc5 5. Bxc6 dxc6 6. Nxe5 Qd4 7. Be3 Qxe5 8.
Bxc5 Qxc5 9. Nc3 Be6 10. O-O O-O-O 11. a4 Rhe8 12. a5 a6 13. h3 g5 14. Qf3 Qe5
15. Qg3 Qxg3 16. fxg3 Nd7 17. g4 Ne5 18. Na4 h5 19. gxh5 g4 20. Nc5 gxh3 21.
Nxe6 Rxe6 22. g3 Rg8 23. Kh2 Rh6 24. Rf5 Ng4+ 25. Kxh3 Ne3 26. Raf1 Nxf1 27.
Rxf1 Rxh5+ 28. Kg2 Rhg5 0-1

[Event "AUTO-OPEN-4606"]
[Site "http://www.queenalice.com/game.php?id=1866933"]
[Date "2025.12.12"]
[Round "2"]
[White "WoodpusherKid"]
[Black "josebaron"]
[Result "1-0"]
[WhiteElo "2603"]
[BlackElo "2187"]

1. c4 e5 2. e4 Nf6 3. d3 Bc5 4. Nf3 d6 5. Be2 O-O 6. Nc3 Nc6 7. O-O Re8 8. a3 a5
9. Be3 Bxe3 10. fxe3 Bg4 11. Qb3 Bxf3 12. Bxf3 Qc8 13. Nd5 Nxd5 14. cxd5 Ne7 15.
Rac1 Ng6 16. Qc3 Re7 17. Rf2 b6 18. g3 h6 19. Kg2 Nf8 20. h4 f5 21. exf5 Qxf5
22. Qc6 Qc8 23. Rcf1 Rf7 24. Bg4 Rxf2+ 25. Rxf2 Qd8 26. Be6+ Nxe6 27. dxe6 Rc8
28. Rf7 1-0

[Event "AUTO-OPEN-4606"]
[Site "http://www.queenalice.com/game.php?id=1866944"]
[Date "2025.12.12"]
[Round "2"]
[White "mvson33"]
[Black "WoodpusherKid"]
[Result "0-1"]
[WhiteElo "1807"]
[BlackElo "2606"]

1. Nf3 e6 2. d4 Nf6 3. g3 c5 4. Bg2 cxd4 5. Nxd4 d5 6. O-O e5 7. Nf3 Nc6 8. e3
e4 9. Nd4 Bg4 10. Nxc6 bxc6 11. Qe1 Bd6 12. Nc3 Qd7 13. Bd2 O-O 14. Ne2 Be5 15.
Bc3 Bxc3 16. Qxc3 Bxe2 17. Rfe1 Bf3 18. h3 Rfe8 19. Kh2 a5 20. Bxf3 exf3 21.
Rad1 Ne4 0-1

[Event "AUTO-OPEN-4606"]
[Site "http://www.queenalice.com/game.php?id=1866945"]
[Date "2025.12.12"]
[Round "2"]
[White "WoodpusherKid"]
[Black "mvson33"]
[Result "1-0"]
[WhiteElo "2604"]
[BlackElo "1836"]

1. c4 Nf6 2. d4 d5 3. cxd5 Nxd5 4. e4 Nf6 5. e5 Nd5 6. Nc3 e6 7. Nf3 Be7 8. Bd3
Nxc3 9. bxc3 O-O 10. Qe2 Nc6 11. Qe4 Bd7 12. Qxh7# 1-0

[Event "Let's Play Chess!"]
[Site "http://www.queenalice.com/game.php?id=1867552"]
[Date "2026.1.7"]
[Round "-"]
[White "alow_proton"]
[Black "WoodpusherKid"]
[Result "0-1"]
[WhiteElo "2113"]
[BlackElo "2647"]

1. e4 e5 2. f4 exf4 3. Nf3 Nf6 4. e5 Nh5 5. Bc4 d5 6. exd6 Bxd6 7. Qe2+ Qe7 8.
O-O Qxe2 9. Bxe2 Bg4 10. Nc3 Nc6 11. Nb5 Bc5+ 12. d4 Bb6 13. c3 a6 14. Na3 O-O
15. Bd3 Rfe8 16. Kh1 h6 17. Bd2 Rad8 18. Nc4 Bc5 19. Rae1 Rxe1 20. Nxe1 b5 21.
Na3 Bd6 22. Nac2 g5 23. Be4 Bd7 24. Bd5 Nf6 25. Bb3 Re8 26. a3 Re2 27. Bc1 Na5
28. Ba2 Nc4 29. Kg1 Ne4 30. Bb1 Bg4 31. Nf3 Bxf3 32. gxf3 Ned2 33. Rf2 Rxf2 34.
Kxf2 Nxb1 35. Ke2 Ncxa3 36. Nxa3 Nxc3+ 37. bxc3 Kg7 38. Kd3 Kf6 39. Ke4 Bxa3 40.
Bxa3 c6 41. Bb4 Ke6 42. h3 f5+ 43. Kd3 Kd5 44. Bf8 h5 45. Bh6 g4 46. hxg4 fxg4
47. fxg4 hxg4 48. Bxf4 c5 49. dxc5 Kxc5 50. Be3+ Kd6 51. Ke4 a5 52. Kf4 Kd5 53.
Bb6 a4 54. Be3 a3 55. Bc1 a2 56. Bb2 Kc4 57. Kxg4 Kb3 58. Ba1 Kc2 59. c4 bxc4
60. Kf3 Kd2 61. Ke4 c3 0-1